000 01061nam a22003377a 4500
001 7746
003 FISKH
005 20250805075819.0
008 250805b cb ||||| |||| 00| 0 eng d
020 _a9780064450560
040 _aDLC
_cDLC
_dDLC
_beng
050 _aQE862.D5 A343
082 _a567.9
100 0 _aAliki
_d(1929-)
245 1 0 _aDinosaurs are different /
_cby Aliki.
250 _aThis edition first published in 1985
260 _aNew York :
_bHarperCollins,
_c1985.
300 _a32 pages :
_bcolor illustrations ;
_c18 x 22 cm
336 _atext
_btxt
_2rdacontent
337 _aunmediated
_bn
_2rdamedia
338 _avolume
_bnc
_2rdacarrier
440 0 _aLet's-read-and-find-out science book
505 _aN
520 _aExplains how the various orders and suborders of dinosaurs were similar and different in structure and appearance.
521 8 _a560
_bLexile
521 8 _aN
_bRaz-Plus
650 0 _aDinosaurs
_xJuvenile literature.
650 1 _aDinosaurs.
_2Paleontology
942 _2ddc
_cBK
_n0
999 _c7746
_d7746